00483nas a2200169za 4500003000400000005001700004008004100021040000800062245007300070260004700143300001600190310001400206650004200220650002500262942001100287999001500298IIN20250205120607.0250205c |||qr|j| |||| 00| 0 eng d aIIN aNursing: International Journal of Community Health Nursing (NIJCOHN) aMaharashtrabInnovational Publishersc2015 aVol. 1 No.1 aQuarterly aCOMMUNITY HEALTH NURSING - PERIODICAL aNURSING - PERIODICAL cSERs1 c1674d1674